Capitales mondiales les plus proches de La Havane - Statistiques

Statistiques générales
  • Ce quiz a été pris 93 fois
  • Le résultat moyen est 14 sur 20
Statistiques - réponses
km capitale % Correct
1786 Mexico
90%
811 Kingston
87%
1829 Washington
87%
1601 Panama
85%
1163 Port-au-Prince
85%
1274 Guatemala
78%
1479 San José
76%
2164 Caracas
75%
1393 Saint-Domingue
73%
1273 San Salvador
73%
931 Belmopan
72%
553 Nassau
72%
1127 Tegucigalpa
72%
1291 Managua
66%
2236 Bogotá
65%
2368 Roseau
61%
2470 Castries
56%
2492 Kingstown
52%
2149 Basseterre
51%
2244 Saint John's
48%
Aucun quiz correspondant
Distribution des résultats
% des personnes avec chaque résultat
Percentile par nombre de réponses
Votre historique - résultats
Vous n’avez pas pris ce quiz